00305nam a2200097Ia 4500008004100000082001700041100001600058245002500074260003800099650007000137211119s9999||||xx |||||||||||||| ||und|| a294.3bSUG-B aSugathan, K 0aBudhanum Nanuguruvum bMathrubhumi Booksa2005cKottayam aReligionvReligions of Indic orginEconomicsxPGR-GANDHIAN STUDIES